| 000 | 00765nam a22002297a 4500 | ||
|---|---|---|---|
| 003 | OSt | ||
| 005 | 20230925092326.0 | ||
| 008 | 221006b |||||||| |||| 00| 0 eng d | ||
| 040 | _cLado V | ||
| 082 |
_a736.4 _bM986s |
||
| 110 |
_9158 _aMuseo de Arte Costarricense _eautor |
||
| 245 | _aSala Juan Manuel Sánchez/ | ||
| 260 |
_bMinisterio de Cultura Juventud y Deportes _c1998 _aCosta Rica |
||
| 300 |
_c21.5x27.5cm _a5p. |
||
| 366 | _espa | ||
| 505 | _tPresentación | ||
| 650 |
_2Tesauro de Arte & Arquitectura _aARTE _9703 |
||
| 650 |
_2Tesauro de Arte & Arquitectura _aESCULTURA _9702 |
||
| 650 |
_2Tesauro de Arte & Arquitectura _aTALLADO _9703 |
||
| 650 |
_2Tesauro de Arte & Arquitectura _aMADERA |
||
| 942 |
_2ddc _c1 _h736.4 _iM986s _n0 |
||
| 999 |
_c4379 _d4379 |
||